| 000 -ლიდერი |
| ფიქსირებული სიგრძის საკონტროლო ველი |
01488nam a22002537a 4500 |
| 003 - საკონტროლო ნომრის იდენტიფიკატორი |
| საკონტროლო ველი |
Ge_BSU |
| 005 - ბოლო ოპერაციის თარიღი და დრო |
| საკონტროლო ველი |
20231128124325.0 |
| 008 - ფიქსირებული სიგრძის მონაცემთა ელემენტები - ზოგადი ინფორმაცია |
| ფიქსირებული სიგრძის საკონტროლო ველი |
231128s2023 ge ||||| |||| 00| 0 geo d |
| 020 ## - წიგნის საერთაშორისო სტანდარტული ნომერი |
| International Standard Book Number |
9789941361258 |
| 041 ## - ენის კოდი |
| Language code of text/sound track or separate title |
geo |
| 080 ## - უნივერსალური ათობითი კლასიფიკაციის ინდექსი |
| Universal Decimal Classification number |
159.9 ე-63 |
| 245 ## - ცნობა სათაურის შესახებ |
| Title |
ემოციური და ქცევითი დარღვევების მქონე მოსწავლეთა სწავლება : |
| Remainder of title |
საკითხავი მასალა კურსისთვის / |
| Statement of responsibility, etc |
თამარ აბაშიძე, მარინე გურგენიძე, ნინო მიქელაძე, ირინე ჟვანია. |
| 264 ## - წარმოების, გამოცემის, დისტრიბუციის და სხვა ცნობები |
| გამოცემის, წარმოების, დისტრიბუციის... ადგილი |
თბილისი: |
| გამოცემის, წარმოების, დისტრიბუციის... სახელწოდება |
თსუ, |
| გამოცემის, წარმოების, დისტრიბუციის... თარიღი |
2023. |
| 300 ## - ფიზიკური აღწერა |
| Extent |
237 გვ.; |
| Other physical details |
29 სმ. |
| 653 ## - INDEX TERM--UNCONTROLLED |
| Uncontrolled term |
ემოციური დარღვევები |
| 653 ## - INDEX TERM--UNCONTROLLED |
| Uncontrolled term |
ქცევითი დარღვევები |
| 653 ## - INDEX TERM--UNCONTROLLED |
| Uncontrolled term |
სოციალური და ემოციური ქცევა |
| 653 ## - INDEX TERM--UNCONTROLLED |
| Uncontrolled term |
მასწავლებლების და მსობლების კომუნიკაცია |
| 700 ## - ADDED ENTRY--PERSONAL NAME |
| Personal name |
აბაშიძე, თამარ |
| Relator term |
ავტორი |
| 9 (RLIN) |
2708 |
| 700 ## - ADDED ENTRY--PERSONAL NAME |
| Personal name |
გურგენიძე, მარინე |
| Relator term |
ავტორი |
| 9 (RLIN) |
5032 |
| 700 ## - ADDED ENTRY--PERSONAL NAME |
| Personal name |
მიქელაძე, ნინო |
| Relator term |
ავტორი |
| 9 (RLIN) |
11503 |
| 700 ## - ADDED ENTRY--PERSONAL NAME |
| Personal name |
ჟვანია, ირინე |
| Relator term |
ავტორი |
| 9 (RLIN) |
20493 |
| 942 ## - ADDED ENTRY ELEMENTS (KOHA) |
| Source of classification or shelving scheme |
|
| Koha item type |
წიგნი |